[Event "AUT-ch U10 Online Rapid"]
[Site "Playchess.com INT"]
[Date "2020.12.13"]
[Round "7"]
[White "Friedmann, Matthias"]
[Black "Geworgyan, Derenick"]
[Result "1-0"]
[WhiteElo "1592"]
[BlackElo "1459"]
[PlyCount "115"]
[EventDate "2020.12.13"]
[EventType "swiss (rapid)"]
[EventRounds "7"]
[EventCountry "AUT"]
[SourceTitle "EXT 2022"]
[Source "ChessBase"]
[SourceDate "2021.10.06"]
[SourceVersion "1"]
[SourceVersionDate "2021.10.06"]
[SourceQuality "1"]

1. e4 e5 2. Nf3 Nc6 3. d4 exd4 4. Bc4 Nf6 5. 0-0 Bc5 6. c3 dxc3 7. Nxc3 0-0 8. Bg5 h6 9. Bh4 Be7 10. e5 Nh5 11. Bxe7 Qxe7 12. Re1 Nxe5 13. Rxe5 Qb4 14. Qd4 Qxb2 15. Nd5 Qxd4 16. Nxd4 d6 17. Rxh5 c5 18. Nf3 Be6 19. Ne7+ Kh7 20. Ng5+ Kh8 21. Bxe6 fxe6 22. Ng6+ Kg8 23. Nxf8 Rxf8 24. Nxe6 Rf6 25. Re1 Kf7 26. Nd8+ Kg6 27. Rh3 Kh7 28. f3 d5 29. Re5 d4 30. Rxc5 Rd6 31. Nf7 Rd7 32. Ne5 Rd6 33. Rc1 Rd5 34. Ng4 d3 35. Rd1 d2 36. Kf2 Rd7 37. Rxh6+ gxh6 38. Nf6+ Kg7 39. Nxd7 Kf7 40. Rxd2 Ke6 41. Nc5+ Ke5 42. Nxb7 Kf4 43. Rd6 h5 44. g3+ Kg5 45. h4+ Kf5 46. Rd5+ Ke6 47. Rxh5 a5 48. Nxa5 Kf6 49. Ke3 Ke6 50. Ke4 Kf7 51. Rh6 Ke8 52. Rh7 Kf8 53. Kf5 Kg8 54. Ra7 Kf8 55. Ke6 Kg8 56. Kf6 Kh8 57. Kg6 Kg8 58. Ra8# 1-0

[Event "AUT-ch U10 Online Blitz"]
[Site "Playchess.com INT"]
[Date "2020.12.11"]
[Round "1"]
[White "Wallinger, Nikolaus"]
[Black "Geworgyan, Derenick"]
[Result "0-1"]
[WhiteElo "1860"]
[BlackElo "1620"]
[PlyCount "104"]
[EventDate "2020.12.11"]
[EventType "swiss (blitz)"]
[EventRounds "7"]
[EventCountry "AUT"]
[SourceTitle "EXT 2022"]
[Source "ChessBase"]
[SourceDate "2021.10.06"]
[SourceVersion "1"]
[SourceVersionDate "2021.10.06"]
[SourceQuality "1"]

1. e4 e5 2. Nf3 Nc6 3. d4 exd4 4. Nxd4 Nxd4 5. Qxd4 Nf6 6. Bg5 Be7 7. Bc4 0-0 8. Nc3 c5 9. Bxf6 cxd4 10. Bxe7 Qxe7 11. Nd5 Qxe4+ 12. Kd2 Qxg2 13. Raf1 Qg5+ 14. Kd1 Qg4+ 15. Kd2 Qh4 16. Rhg1 Qxh2 17. Nf6+ Kh8 18. Rh1 Qf4+ 19. Kd1 Qxf6 20. Rh2 Qf3+ 21. Be2 Qf4 22. Rfh1 h6 23. f3 d5 24. Rg2 Bf5 25. Rhg1 d3 26. cxd3 d4 27. Rxg7 Qe3 28. R7g2 Rg8 29. a3 Rxg2 30. Rxg2 Rg8 31. Rxg8+ Kxg8 32. Ke1 Bh3 33. Kd1 Qg1+ 34. Kd2 Qe3+ 35. Kd1 h5 36. Ke1 Qc1+ 37. Kf2 Qh1 38. b4 Qb1 39. f4 Qa1 40. Bxh5 Qb2+ 41. Be2 Qxa3 42. Kg3 Qxb4 43. Kxh3 a5 44. Kg3 a4 45. Kf3 a3 46. Kf2 a2 47. Bh5 a1Q 48. Kg3 Qg1+ 49. Kf3 Qf1+ 50. Kg3 Qbe1+ 51. Kg4 Qg1+ 52. Kf5 Qe6# 0-1